[Event "SA Candidates"]
[Site "Adelaide"]
[Date "2002.02.19"]
[Round "2.7"]
[White "Lai, Andrew"]
[Black "Heitmann, Syam"]
[Result "1-0"]
[WhiteElo "1447"]
[BlackElo "1244"]
[Annotator "Fritz 7 - Anderson-Smith,W"]
[PlyCount "83"]
[EventDate "2002.02.12"]
[EventType "swiss"]
[EventRounds "7"]
[EventCountry "AUS"]

{A00: Irregular Openings} 1. a3 Nf6 2. d4 (2. Nf3 d5 3. d4 c6 4. e3 Bg4 5. h3
Bh5 6. g4 Bg6 7. Ne5 Nfd7 8. Nxg6 hxg6 9. c4 e6 10. Nd2 Be7 11. Bg2 Na6 12. b3
Nc7 13. Bb2 b5 14. cxd5 cxd5 15. Rc1 Rc8 16. Qe2 a6 17. O-O O-O 18. f4 Ne8 19.
e4 dxe4 20. Nxe4 Nef6 21. Nc3 Nb6 22. g5 Nh5 23. Qd3 Bd6 24. Ne2 Qe7 25. Rxc8
Rxc8 26. b4 Qc7 27. Bc1 Qc2 28. Be4 Qc7 29. Bg2 Nd5 30. Bxd5 exd5 31. Rf3 Qd7
32. Kf2 Bb8 33. f5 gxf5 34. Qxf5 Qxf5 35. Rxf5 Rc2 36. Rxd5 Ng3 37. Rd8+ Kh7
38. Rxb8 Nxe2 39. Be3 Nxd4+ 40. Kf1 Nf5 41. g6+ fxg6 42. Bb6 Rc3 43. Ra8 Rxa3
44. Ba5 Ne3+ 45. Kg1 Nc4 46. Rxa6 Rxh3 47. Ra8 Ra3 48. Kh2 g5 49. Ra6 g6 50.
Ra8 g4 51. Kg2 Ne3+ 52. Kg3 Nd5+ 53. Kxg4 Nxb4 54. Ra7+ Kh6 55. Ra8 Ra4 {
0-1 Miles,A-Almasi,Z/Biel 1996/CBM 55 (55)}) 2... g6 3. Nf3 (3. g3 Bg7 4. Bg2
d6 5. e4 Nbd7 6. Ne2 e5 7. O-O O-O 8. c3 c6 9. Nd2 Qe7 10. b4 b6 11. Bb2 Bb7
12. dxe5 Nxe5 13. Qc2 g5 14. Nd4 Bc8 15. c4 c5 16. Ne2 g4 17. b5 Bb7 18. Nf4
Bh6 19. Rfe1 Nfd7 20. f3 gxf3 21. Nxf3 Nxf3+ 22. Bxf3 Ne5 23. Bg2 f6 24. Rf1
Rae8 25. Rae1 Qf7 26. Nd5 Bxd5 27. cxd5 Qh5 28. Rf5 Qg4 29. Ref1 Qg7 30. Qc3
Qd7 31. a4 Bg7 32. Bh3 Qb7 33. Qc2 a6 34. Bxe5 Rxe5 35. Rxe5 fxe5 36. Be6+ Kh8
37. Rxf8+ Bxf8 38. bxa6 Qxa6 39. Qf2 Qa8 40. Qf7 Bg7 {
1-0 Florencio,P-Vasconcellos,F/Brasilia 1985/EXT 2000 (40)}) 3... Bg7 4. Bg5
$146 (4. b4 O-O 5. Bb2 d6 (5... c6 6. c4 d5 7. e3 Bg4 8. h3 Bxf3 9. Qxf3 Ne4
10. Nc3 f5 11. Rc1 a5 12. b5 e5 13. cxd5 exd4 14. Nxe4 fxe4 15. Qxe4 Re8 16.
Qc2 Qh4 17. dxc6 Rxe3+ 18. Kd1 Re8 19. Bc4+ Kf8 20. cxb7 Ra7 21. Bd5 a4 22.
Qc5+ Qe7 23. Re1 Qxc5 24. Rxe8+ Kxe8 25. Rxc5 Be5 26. Bc6+ Nxc6 27. bxc6 Bc7
28. Bxd4 {1-0 Filzmeier,B-Scheitler,W/Velden 1993/TD (28)}) 6. e3 Nbd7 7. h3 {
1/2-1/2 Filzmeier,B-Sereinig,E/Velden 1993/TD (7)}) 4... O-O 5. Nbd2 d5 6. c4
Ne4 7. e3 (7. Bh4 c5 8. cxd5 Nxd2 9. Qxd2 cxd4 $11) 7... c5 (7... Nxg5 8. Nxg5
e5 9. Ngf3 exd4 10. cxd5 dxe3 11. fxe3 Bxb2 12. Ra2 $17) 8. cxd5 (8. Bh4 $142
$11) 8... Qxd5 $4 {releasing the pressure on the opponent} (8... Nxg5 $142 9.
Nxg5 cxd4 10. exd4 Qxd5 $17) 9. Bxe7 (9. Bc4 $142 $5 Qf5 10. Bd3 Nxf2 11. Bxf5
(11. Kxf2 $143 Qxd3 12. Nb3 Qxd1 13. Rhxd1 f6 $17) 11... Nxd1 12. Bxc8 (12.
Rxd1 $6 Bxf5 13. Bxe7 Re8 14. Bxc5 Rxe3+ 15. Kf2 Rd3 $11) 12... Rxc8 13. Kxd1
cxd4 14. exd4 $18) 9... Re8 10. Bc4 Qc6 11. Nxe4 cxd4 $2 (11... Rxe7 12. Nxc5
Nd7 13. Nxd7 Bxd7 14. Rc1 $16) 12. Nf6+ (12. Rc1 $142 {
might be the shorter path} Rxe7 13. Bxf7+ Kxf7 14. Rxc6 Nxc6 15. Nfg5+ Kf8 16.
Nxh7+ Kg8 17. Nhg5 $18) 12... Bxf6 $16 13. Bxf6 Qxf6 14. Qxd4 Qxd4 15. Nxd4 Bd7
16. Rd1 Bc6 17. Nxc6 Nxc6 18. Ke2 Rad8 19. Bb5 Rd4 20. Bxc6 Rxd1 21. Rxd1 (21.
Bxe8 {is much worse} Rxh1 22. Ba4 Rb1 $19) (21. Kxd1 $6 {is no comparison} bxc6
22. Kc2 Re5 $18) 21... bxc6 22. Rd7 Rb8 23. b4 a6 (23... a5 $142 $5 $16) 24.
Ra7 $18 Rb6 (24... c5 25. bxc5 Rc8 26. Rxa6 Rxc5 27. Ra8+ Kg7 28. a4 $18) 25.
Kd3 c5 (25... Kg7 {cannot change what is in store for ?} 26. f4 $18) 26. bxc5
Rb3+ (26... Rf6 $18 {a last effort to resist the inevitable}) 27. Kd4 Rb1 (
27... Rb8 {is no salvation} 28. c6 Kf8 29. Kc5 $18) 28. c6 Rd1+ (28... Rc1 {
does not solve anything} 29. c7 Kg7 30. Kd5 $18) 29. Ke5 Rc1 30. Rxa6 Kg7 (
30... f5 {does not win a prize} 31. Kd6 Rd1+ 32. Kc7 $18) 31. Kd6 Rd1+ 32. Ke7
Rc1 33. Kd7 Rd1+ 34. Kc8 Rd6 35. Kc7 (35. Kb7 {makes it even easier for White}
g5 $18) 35... Rd1 (35... Rd3 {a fruitless try to alter the course of the game}
36. a4 Rb3 37. a5 $18) 36. Rb6 (36. Kb7 {keeps an even firmer grip} g5 $18)
36... Kf6 (36... Ra1 {doesn't get the bull off the ice} 37. Rb3 Kf8 38. Kb7 $18
) 37. Kb7 Ke7 (37... Ke5 {what else?} 38. c7 Rd7 $18) 38. c7 Rd7 39. Kb8 (39.
a4 $142 {and White can already relax} h5 $18) 39... Rd2 40. c8=Q Rxf2 41. Qc5+
Ke8 (41... Kd7 {cannot change destiny} 42. Rb7+ Ke6 43. Re7+ Kf6 44. Qe5#) 42.
Rb7 (42. Rb7 Rxg2 43. Qe7#) 1-0

[Event "SA Candidates"]
[Site "Adelaide"]
[Date "2002.02.26"]
[Round "3.1"]
[White "Oks, Oliver"]
[Black "Peake, Michael"]
[Result "1-0"]
[WhiteElo "1804"]
[BlackElo "1530"]
[Annotator "Fritz 7 - Anderson-Smith,W"]
[PlyCount "47"]
[EventDate "2002.02.12"]
[EventType "swiss"]
[EventRounds "7"]
[EventCountry "AUS"]

{C30: King's Gambit Declined} 1. e4 e5 2. f4 d6 (2... exf4 3. Nf3 d6 4. d4 g5
5. h4 g4 6. Ng1 f5 7. Qe2 (7. Nc3 Nf6 8. Bxf4 fxe4 9. d5 Nh5 10. Bg5 Be7 11.
Bb5+ Kf7 12. Nge2 a6 13. O-O+ Kg8 14. Ba4 Bxg5 15. hxg5 Nd7 16. Nf4 Nxf4 17.
Qxg4 Ne5 18. Qxf4 Kg7 19. Nxe4 b5 20. Bb3 Bd7 21. Nf6 h5 22. Rae1 {
1-0 Fedorov,A-Ibragimov,I/Katrineholm 1999/CBM 71 (22)}) 7... Qe7 8. Nc3 Nf6 9.
Bxf4 Nxe4 10. Nxe4 Qxe4 11. O-O-O Qxe2 12. Nxe2 Bg7 13. Ng3 O-O 14. Bc4+ Kh8
15. Nh5 Nc6 16. Nxg7 Kxg7 17. Rhe1 Bd7 18. d5 Ne5 19. Bxe5+ dxe5 20. Rxe5 Rae8
21. Rxe8 Rxe8 22. Rf1 b5 23. Bd3 Kf6 24. Kd2 Re5 25. c4 bxc4 26. Bxc4 Bc8 27.
Rf4 Bb7 28. Rd4 Re4 29. Rxe4 fxe4 30. Ke3 Ke5 31. g3 Bxd5 32. Be2 Bxa2 33. Bxg4
a5 34. Bd7 c5 35. g4 c4 36. g5 c3 37. bxc3 Bb3 38. h5 a4 39. g6 h6 40. Bxa4
Bxa4 41. c4 Kf6 42. c5 Bd1 {
0-1 Zila,L-Czebe,A/Balatonbereny 1995/CBM 49 ext (42)}) 3. Nf3 Nc6 4. Bc4 (4.
Bb5 exf4 5. d4 Bd7 6. Bxf4 Be7 7. O-O a6 8. Bc4 Bg4 9. c3 Qd7 10. Nbd2 O-O-O
11. Bxf7 Nf6 12. Bc4 Nh5 13. Be3 g5 14. b4 Rdf8 15. b5 Na5 16. bxa6 bxa6 17.
Bxa6+ Kd8 18. Rb1 Nc6 19. Bb5 Nf4 20. d5 Nxg2 21. Bxc6 Qc8 22. Kxg2 Bh3+ 23.
Kh1 g4 24. Nd4 Rxf1+ 25. Nxf1 Bh4 26. Ng3 Bxg3 27. Bg5# {
1-0 Berger,B-Lee Keng Cheong/Manila 1968/MCD (27)}) 4... f6 $146 {Covers g5} (
4... h6 5. d4 (5. O-O Nf6 6. Nc3 Be7 7. Bb5 Bd7 8. Qe2 exf4 9. d4 a6 10. Bxc6
Bxc6 11. Bxf4 d5 12. Ne5 O-O 13. Nxc6 bxc6 14. e5 Nd7 15. e6 Nf6 16. Rae1 Qb8
17. exf7+ Rxf7 18. Nd1 c5 19. Qf2 Ne4 {
Bergmann,H-Hohmann,Y/Kassel 1999/EXT 2000/1-0 (46)}) (5. Nc3 Nf6 6. d3 Bg4 7.
h3 Bh5 8. Be3 exf4 9. Bxf4 Ne5 10. Bxe5 dxe5 11. g4 Bg6 12. Nxe5 Bd6 13. Nxg6
Bg3+ 14. Kd2 fxg6 15. Qf3 Qd6 16. Raf1 g5 17. Qf5 Bf4+ 18. Kd1 Qe7 19. Ne2 Rf8
20. Nxf4 gxf4 21. Qxf4 Rd8 22. Kc1 Nh7 23. Qe3 Qg5 24. Qxg5 Nxg5 25. Rxf8+ Kxf8
26. Rf1+ Ke7 27. h4 Ne6 28. Bxe6 Kxe6 29. Kd2 g6 30. Ke3 Ke5 31. g5 h5 32. Rf6
Rg8 33. d4# {1-0 Molnarova,D-Haimer,E/Stockerau 1993/EXT 97 (33)}) 5... Bg4 6.
c3 Bxf3 7. Qxf3 exd4 8. O-O Nge7 9. Rd1 g6 10. cxd4 Bg7 11. Be3 Na5 12. Be2 d5
13. e5 h5 14. Nd2 O-O 15. h3 f6 16. Bd3 fxe5 17. dxe5 d4 18. Nb3 Nac6 19. Bc4+
{Stephens,M-Kagan,N/Melbourne 1991/EXT 97/1/2-1/2 (43)}) (4... Be6 5. Bxe6 fxe6
6. fxe5 Nxe5 7. O-O Nc6 8. d4 Nf6 9. Ng5 e5 10. d5 Ne7 11. Ne6 Qd7 12. Qf3 Ng6
13. Bg5 c6 14. c4 cxd5 15. cxd5 Rc8 16. Nc3 a6 17. Ne2 Rc4 18. Rac1 b5 19. b3
Rxc1 20. Rxc1 Qa7+ 21. Kh1 Qb8 22. Bxf6 gxf6 23. Qxf6 Be7 24. Ng7+ Kd8 25. Ne6+
Kd7 26. Qf5 Ke8 27. Ng3 Qb6 {1-0 Bieluczyk,B-Sandera,J/Hrabyne 1996/EXT 99 (27)
}) (4... Bg4 $5 $11 {is noteworthy}) 5. O-O Qe7 6. f5 Bd7 7. Nc3 O-O-O 8. b4 (
8. d4 g6 $16) 8... Nd4 9. b5 (9. Bb2 $142 $16) 9... c6 $2 {Consolidates d5} (
9... d5 10. Nxd5 (10. exd5 $2 Nxf3+ 11. Qxf3 Qc5+ 12. Kh1 Qxc4 $19) (10. Bxd5
$6 Qc5 11. Kh1 Ne7 $14) 10... Qc5 11. Ne3 Bxb5 12. Bxb5 Nxb5 13. d3 $14) 10.
Rb1 (10. bxc6 $5 Nxc6 11. Nd5 Qe8 $18) 10... Nxb5 11. Nxb5 cxb5 12. Bd5 Bc6 13.
c4 Bxd5 14. cxd5 a6 (14... g6 $5 $16) 15. a4 $18 Qc7 (15... b4 $142 $18) 16.
axb5 Qb6+ 17. d4 Kd7 18. Be3 Rc8 19. Qa4 a5 (19... Kd8 {
does not improve anything} 20. Rfe1 axb5 21. Rxb5 $18) 20. Bf2 (20. Rbc1 {
makes it even easier for White} Ne7 21. Bf2 Ke8 22. dxe5 Qd8 23. exd6 Qxd6 $18)
20... exd4 (20... Qd8 {hardly improves anything} 21. b6+ Ke7 22. Qxa5 $18) 21.
Nxd4 Rc5 22. Ne6 Ne7 (22... Nh6 {cannot undo what has already been done} 23. e5
$1 {Demolition of pawn structure} (23. Nxc5+ $143 dxc5 24. Be1 c4+ 25. Kh1 Bb4
$18) 23... fxe5 24. f6 $18 (24. Bxc5 $143 dxc5 25. f6 g6 $18)) 23. Ra1 Qxb5 (
23... h5 {hoping against hope} 24. Ra3 Ke8 $18) 24. Nxc5+ (24. Nxc5+ dxc5 25.
Qxb5+ Kc8 26. Qe8+ Kc7 27. Bg3+ Kb6 28. Rfb1+ Ka7 29. Rxa5#) 1-0

[Event "SA Candidates"]
[Site "Adelaide"]
[Date "2002.02.26"]
[Round "3.2"]
[White "Amini, Amir"]
[Black "Takos, Adam"]
[Result "1-0"]
[WhiteElo "1644"]
[BlackElo "1525"]
[Annotator "Fritz 7 - Anderson-Smith,W"]
[PlyCount "89"]
[EventDate "2002.02.12"]
[EventType "swiss"]
[EventRounds "7"]
[EventCountry "AUS"]

{E43: Nimzo-Indian: Rubinstein: 4...b6} 1. d4 Nf6 2. c4 e6 3. Nc3 Bb4 4. e3 b6
5. a3 $2 (5. Bd3 Bxc3+ 6. bxc3 O-O 7. Nf3 c5 8. O-O Nc6 9. Ne1 e5 10. d5 Na5 {
1/2-1/2 Speelman,J-Adams,M/New York 1994/CBM 41 ext (10)}) (5. Qb3 a5 6. a3
Bxc3+ 7. Qxc3 Ne4 8. Qc2 Bb7 9. Nf3 O-O 10. Bd3 f5 11. O-O d6 12. Nd2 Qh4 13.
f3 Ng5 14. f4 Qg4 15. d5 Nf7 16. Rf3 Nh6 17. Rg3 Qh4 18. Nf3 Qf6 19. Bd2 g6 20.
Ng5 e5 21. Rh3 exf4 22. exf4 Ng4 23. Bc3 Qe7 24. Re1 Ne5 25. Nxh7 Rf7 26. Ng5
Rg7 27. Qd2 {1-0 Meier,T-Gabriel,R/Ditzingen 2001/CBM 82 ext (27)}) (5. Nge2
Ne4 6. Qc2 Bb7 7. a3 Bxc3+ 8. Nxc3 Nxc3 9. Qxc3 O-O 10. b3 d6 11. Bb2 Qh4 12.
d5 e5 13. g3 Qe4 14. Rg1 Nd7 15. Bd3 Qg4 16. Qc2 f5 17. h4 a5 18. Be2 Qg6 19.
f3 Bc8 20. Bc3 e4 21. f4 Nf6 22. b4 axb4 23. axb4 Bd7 24. Rxa8 Rxa8 25. Bd4 Ng4
26. Qb2 Be8 27. Kf1 Nh2+ 28. Kf2 Nf3 29. Bxf3 exf3 30. Kxf3 Qg4+ 31. Kg2 b5 32.
Qc2 bxc4 33. Rf1 Bb5 34. Ra1 Rxa1 35. Bxa1 c6 36. e4 cxd5 37. exd5 h6 38. Qc3
Qe2+ 39. Kg1 Qe7 40. Kf2 Qa7+ 41. Kg2 Qe7 42. Bb2 Ba6 43. Kf2 h5 44. Ba1 Bb5
45. Bb2 Ba6 46. Qd2 Qe4 47. Qc3 Qe7 48. Ba1 {
1/2-1/2 Aleksandrov,A-Moiseenko,A/Ohrid 2001/CBM 84 (48)}) 5... Bxc3+ 6. bxc3
Bb7 7. f3 d5 $146 (7... Nc6 8. e4 d6 9. Bd3 Na5 10. Ne2 Qd7 11. O-O Ba6 12. Ng3
Bxc4 13. Bxc4 Nxc4 14. Qe2 Qc6 15. Bg5 h5 16. Bh4 O-O-O 17. f4 Rdg8 18. Bxf6
gxf6 19. Nxh5 f5 20. Ng3 fxe4 21. Nxe4 Rh3 22. Ng3 {
Gligoric,S-Keres,P/Zuerich 1953/Candidates/0-1 (49)}) (7... Nh5 8. Nh3 Qh4+ 9.
Nf2 f5 10. Bd3 Nf6 11. O-O O-O 12. a4 d6 13. a5 Nc6 14. d5 exd5 15. a6 Bc8 16.
cxd5 Ne5 17. Bb5 Bd7 18. Bxd7 Nfxd7 19. Qd4 Qh5 20. e4 Nc5 21. Ra3 Qg6 {
0-1 Schlehoefer,R-Lohmeier,H/Dortmund 1987/TD (21)}) 8. cxd5 exd5 9. Bd3 O-O
10. Ne2 Nbd7 11. O-O Re8 12. Ng3 a5 (12... c5 13. Qe1 $11) 13. Qd2 Ba6 14. Bxa6
Rxa6 15. e4 dxe4 16. fxe4 Nxe4 17. Nxe4 Rxe4 18. Qd3 Qa8 19. Qc4 Re6 20. Qxc7
Qc6 21. Qxc6 Rxc6 22. Rf3 Ra8 23. Bd2 Rac8 {
The backward pawn on c3 becomes a target} 24. Raf1 (24. Re1 Kf8 $11) 24... Rf6
(24... Nf6 $5 $15 {is worthy of consideration}) 25. Kf2 $11 Rcc6 26. Ke2 Kf8
27. Kd3 Rxf3+ 28. Rxf3 Rg6 29. Rf2 Ke7 30. Re2+ Kd6 $2 (30... Kd8 31. c4 $16)
31. c4 (31. Bf4+ $142 {a shame that White overlooked this excellent chance} Kc6
32. Re7 Rxg2 33. d5+ Kxd5 34. Rxd7+ Ke6 35. Rb7 $18) 31... Re6 32. Bf4+ Ke7 33.
Rc2 {White intends c5} Re1 (33... Kd8 34. g4 $16) 34. c5 Rd1+ (34... bxc5 $5
35. dxc5 Kd8 $16) 35. Kc4 $18 Rb1 36. c6 b5+ 37. Kd3 Rb3+ 38. Ke2 Nb6 (38...
Rxa3 39. cxd7 Ra4 40. Ke3 Kxd7 41. Rc7+ Ke6 42. Rc5 $18) 39. Bc7 Nc4 40. Bxa5 {
Theme: Clearance for c6-c7} Kd6 (40... Nxa5 41. c7) 41. c7 Kd7 42. a4 Nd6 $4 (
42... Kc8 $142 {would bring relief} 43. Be1 Na3 $11) 43. c8=Q+ $1 $18 {Boing!}
Nxc8 44. Rc7+ Kd8 $4 {
the position was bad, and this mistake simply hastens the end} (44... Ke6 45.
Rxc8 bxa4 $18) 45. Rc3+ (45. Rc3+ Ke8 46. Rxb3 bxa4 47. Rb8 $18) 1-0

[Event "SA Candidates"]
[Site "Adelaide"]
[Date "2002.02.26"]
[Round "3.3"]
[White "Lai, Andrew"]
[Black "Dakovic, Goran"]
[Result "1-0"]
[WhiteElo "1447"]
[BlackElo "1692"]
[Annotator "Fritz 7 - Anderson-Smith,W"]
[PlyCount "87"]
[EventDate "2002.02.12"]
[EventType "swiss"]
[EventRounds "7"]
[EventCountry "AUS"]

{A00: Irregular Openings} 1. a3 {Andersen's Opening:} d5 2. e3 (2. c4 Nf6 3.
cxd5 Nxd5 4. e4 Nf4 5. d4 e5 6. Nf3 Ne6 7. d5 Nc5 8. Nc3 Bg4 9. b4 Bxf3 10.
gxf3 Ncd7 11. Rg1 Nf6 12. f4 exf4 13. e5 Nfd7 14. Bxf4 f6 15. Qh5+ g6 16. Rxg6
hxg6 17. Qxg6+ Ke7 18. d6+ Ke6 19. Bc4# {
1-0 Bettman,J-Smedema,E/Soest 2000/EXT 2001 (19)}) (2. d4 Nf6 3. Nf3 g6 4. e3
Bg7 5. Be2 O-O 6. O-O Ne4 7. c4 e6 8. Nc3 b6 9. Qc2 Bb7 10. cxd5 exd5 11. b4
Nd6 12. Qb3 c6 13. b5 cxb5 14. Nxb5 Nc4 15. Nd2 Na5 16. Qa2 Nd7 17. a4 Bc6 18.
Ba3 Re8 19. Bb4 Bf8 20. Bxa5 bxa5 21. Rac1 Qb6 22. Rc2 a6 23. Rfc1 Rac8 24. Na7
Qxa7 25. Rxc6 Rxc6 26. Rxc6 Bb4 27. Nf3 Nb8 28. Rc1 Qd7 29. Ne5 Qd6 30. Bf3 Rd8
31. Qxd5 Qxd5 32. Bxd5 Rxd5 33. Rc8+ Kg7 34. Rxb8 Bd6 35. Re8 Bf8 36. Ra8 Rd6
37. Ra7 Rb6 38. g3 Rb4 39. Nxf7 Kg8 40. d5 Rxa4 41. d6 Ra1+ 42. Kg2 Rd1 43. d7
Be7 44. Ne5 g5 45. Nc6 Bf6 46. Nd4 {
1-0 Markovic,Z-Milanovic,D/Kladovo 1994/EXT 2000 (46)}) 2... c5 $146 (2... e5
3. d4 Nc6 (3... Nd7 4. Nf3 e4 5. Nfd2 Ngf6 6. c4 c6 7. Nc3 Be7 8. Qb3 Nb6 9.
cxd5 cxd5 10. a4 Qd6 11. a5 Nbd7 12. Be2 Qe6 13. O-O O-O 14. f3 exf3 15. Nxf3
Nb8 16. Ng5 Qd7 17. Bf3 Na6 18. Nh3 {
Svidler,P-Comp Fritz 6/Frankfurt 1999/CBM 72/[Ftacnik]/1-0 (57)}) 4. Nf3 Bg4 5.
Be2 e4 6. Nfd2 Bxe2 7. Qxe2 f5 8. c4 Nf6 9. Nc3 dxc4 10. Qxc4 Qd7 11. b4 O-O-O
12. Nb3 Bd6 13. Bb2 f4 14. b5 Ne7 15. b6 a6 16. Nb5 fxe3 17. fxe3 Ned5 18. Qa4
Qg4 19. Na7+ Kb8 20. Nb5 Nxe3 {
0-1 Paulsen,H-Balinov,I/Finkenstein 1992/EXT 97 (20)}) (2... Bf5 3. f4 Nf6 4.
Nf3 e6 5. Be2 Be7 6. d3 Nfd7 7. Nbd2 Bg6 8. Nf1 c5 9. h4 Nc6 10. h5 Bf5 11.
N3h2 h6 12. g4 Bh4+ 13. Kd2 Bh7 14. Nf3 Be7 15. Ng3 Qa5+ 16. c3 d4 17. Ke1 {
Chigorin,M-Mason,J/Vienna 1882/EXT 99/0-1 (54)}) 3. Bb5+ Bd7 4. Bxd7+ Qxd7 5.
Nf3 Nc6 6. d3 e6 7. Nc3 Nf6 8. e4 d4 {Black wins space} 9. Ne2 Bd6 10. Bg5 h6
11. Bh4 (11. Bxf6 gxf6 12. Qd2 h5 $11) 11... g5 12. Bg3 e5 13. a4 Nh5 14. Nd2
Nf4 15. Bxf4 gxf4 16. g3 Rg8 17. Nc4 Bc7 18. Ng1 O-O-O 19. Qh5 Nb4 20. Kd2 Qe6
21. gxf4 exf4 22. Qxc5 Nc6 23. Qh5 (23. Nf3 Kb8 24. Rag1 Qh3 25. Rxg8 Rxg8 $16)
23... Rg2 24. Nh3 Rdg8 25. Rag1 b6 {Controls a5} (25... Ne5 26. Nxe5 Bxe5 27.
Ke2 $14) 26. Qf3 {Attacks the isolani on f4} Rxg1 27. Rxg1 Rxg1 28. Nxg1 Ne5 (
28... Qe7 29. Qh3+ Kb8 30. Qxh6 Qb4+ 31. Kd1 Qxa4 32. Qf8+ Nd8 33. Nf3 $18) 29.
Nxe5 $18 Qxe5 30. Qg4+ Kb7 31. Qf5 Qxf5 32. exf5 Kc6 33. Ke2 Kd5 34. Kf3 Ke5 (
34... Bd6 35. Nh3 $18) 35. Ne2 h5 (35... Bd6 $142 $18) 36. h3 Kxf5 37. Nxd4+
Kg5 38. Ne2 f5 (38... Bd6 39. d4 $18) 39. d4 Bd6 40. c3 a5 (40... h4 {
does not save the day} 41. b4 $18) 41. c4 h4 42. b3 Bc7 43. Nc3 Kf6 (43... Bb8
$18 {the last chance for counterplay}) 44. Nd5+ (44. Nd5+ Kf7 45. Nxc7 $18) 1-0

[Event "SA Candidates"]
[Site "Adelaide"]
[Date "2002.02.26"]
[Round "3.5"]
[White "Foggo, Grant"]
[Black "Cooke, Tristrom P"]
[Result "0-1"]
[WhiteElo "1489"]
[BlackElo "1359"]
[Annotator "Fritz 7 - Anderson-Smith,W"]
[PlyCount "110"]
[EventDate "2002.02.12"]
[EventType "swiss"]
[EventRounds "7"]
[EventCountry "AUS"]

{C34: King's Gambit Accepted: 3 Nf3: 3...Nf6 and 3...d6} 1. e4 e5 2. f4 exf4 3.
Nf3 d6 (3... h6 4. Bc4 d6 5. d4 g5 6. O-O Bg7 7. g3 Bh3 8. Re1 fxg3 9. hxg3 Nc6
10. c3 Qd7 11. Be3 Nf6 12. Nbd2 Ng4 13. b4 Ne7 14. a4 Nxe3 15. Rxe3 O-O 16. Nh2
d5 17. g4 Bxg4 18. Qxg4 Qxg4+ 19. Nxg4 dxc4 20. Rh3 Kh7 21. e5 Nd5 22. Nxc4 Kg6
23. Na5 Rab8 24. b5 h5 25. Nf2 f5 26. c4 Nf4 27. Re3 g4 28. Rae1 h4 29. d5 Bh6
30. d6 g3 31. Nd3 Ne6 32. Rf3 Bd2 33. Nb3 Bxe1 34. Nxe1 cxd6 35. exd6 b6 36.
Nd3 Rbd8 37. c5 Nxc5 38. Nbxc5 bxc5 39. d7 c4 40. Nc5 Rf6 41. Re3 Rd6 42. Re6+
Rxe6 43. Nxe6 c3 {0-1 Chernyshov,K-Lunev,A/St Petersburg 2000/CBM 76 (43)}) 4.
Bc4 (4. d4 g5 5. h4 (5. Bc4 h6 6. O-O Bg7 7. h4 Nc6 8. c3 Qe7 9. b4 Bg4 10. b5
Nd8 11. Ba3 Be6 12. Nbd2 g4 13. Nh2 Qxh4 14. Bxe6 fxe6 15. Nxg4 h5 16. Nf2 e5
17. Nf3 Qf6 18. Qa4 Ne7 19. b6+ c6 20. dxe5 dxe5 21. Qxa7 Rxa7 22. bxa7 {
1-0 Malaniuk,V-Ivanov,I/Sverdlovsk 1989/TD (22)}) 5... g4 6. Ng1 Qf6 7. Nc3 Ne7
8. Nge2 Bh6 9. g3 fxg3 10. Nxg3 Bxc1 11. Rxc1 Nbc6 12. Nb5 Qf4 13. Rg1 Kd8 14.
c4 Re8 15. Bd3 a6 16. Ne2 Qh6 17. Nbc3 Nb4 18. Qd2 Qxh4+ 19. Kd1 Qf2 20. Bb1 f5
21. Rh1 g3 22. Rxh7 Rg8 23. Rh1 g2 24. Rg1 Rh8 25. Qf4 {
..44 0-1 Hay,T-Hill,R/Australia 1973/MCD (25)}) 4... Nc6 (4... h6 5. b4 Bg4 6.
O-O Nf6 7. Nc3 Be7 8. d4 c6 9. Bd3 Qb6 10. Ne2 g5 11. c4 Qxb4 12. Rb1 Qa5 13.
Rxb7 Nbd7 14. Bd2 Qd8 15. e5 dxe5 16. dxe5 Bxf3 17. exf6 Bc5+ 18. Kh1 Ne5 19.
Bf5 Bh5 20. Qe1 O-O 21. Nxf4 Nxc4 22. Rd7 {
1-0 Conquest,S-Bellin,R/Amsterdam 1996/EXT 97 (22)}) 5. O-O Bg4 $146 (5... Ne5
6. Be2 g5 7. d4 Ng6 8. Bc4 Bg7 9. c3 Nh6 10. Qb3 O-O 11. a4 g4 12. Ne1 Qh4 13.
Nd3 g3 14. h3 Bxh3 15. gxh3 Qxh3 16. Qc2 f3 17. Rxf3 Nh4 {
0-1 Neumann,A-Reipsch,J/Mainz 1995/EXT 98 (17)}) 6. d4 Qf6 7. Qd2 $2 (7. Bb5
$142 $5 $11 {and White could well hope to play on}) 7... Bxf3 $17 8. c3 $2 (8.
Rxf3 $142 Qxd4+ 9. Qxd4 Nxd4 10. Rf2 $17) 8... Bh5 $19 (8... Bxe4 $6 9. Rxf4
Bf5 10. g4 $17) 9. Rxf4 Qe7 10. Qe1 O-O-O 11. Qf2 Kb8 12. Bxf7 Bxf7 13. Rxf7
Qe8 14. Rf3 Nf6 15. Nd2 Nxe4 16. Nxe4 Qxe4 17. Be3 (17. Bg5 Rc8 $19) 17... a6 (
17... Be7 $5 {and Black can already relax} 18. Rf1 $19) 18. Re1 Rc8 19. c4 (19.
b4 d5 $19) 19... Qg6 (19... d5 {seems even better} 20. b3 $19) 20. a3 (20. Rg3
Qh5 $19) 20... Re8 (20... Be7 {makes it even easier for Black} 21. b4 Bf6 22.
Rd1 $19) 21. b4 (21. Rg3 Qf6 22. Rf3 Qd8 $19) 21... Be7 22. b5 axb5 23. cxb5
Nd8 24. d5 Bf6 25. Ba7+ (25. b6 c6 $19) 25... Ka8 26. Rc1 Re7 (26... Qe4 $142 {
keeps an even firmer grip} 27. Qd2 b6 28. Rf4 $19) 27. b6 $2 (27. Be3 b6 28.
Bxb6 $19) 27... c5 28. dxc6 bxc6 (28... Nxc6 {might be the shorter path} 29.
Kh1 $19) 29. Rb3 (29. Qf1 {doesn't change the outcome of the game} Qg5 $19)
29... c5 30. Qf3+ (30. Kh1 {cannot change destiny} Rhe8 $19) 30... Qe4 31.
Qxe4+ Rxe4 32. Rcb1 (32. Kf1 {doesn't get the cat off the tree} Nc6 $19) 32...
Kb7 (32... Bd4+ {and Black can already relax} 33. Kh1 $19) 33. a4 (33. Rf3 {
doesn't get the bull off the ice} Nc6 $19) 33... Rxa4 34. Re1 (34. Kf1 {
doesn't do any good} Nc6 $19) 34... Be5 (34... Bd4+ $5 {
might be the shorter path} 35. Kh1 Re8 36. Rbb1 Rxe1+ 37. Rxe1 $19) 35. Rf3 Rf4
(35... Nc6 $5 {seems even better} 36. Rf7+ Ka8 37. h3 $19) 36. Rxf4 Bxf4 37.
Re7+ Ka6 38. Rd7 (38. Rxg7 {does not save the day} Rf8 39. g3 Be3+ 40. Kg2 Rf2+
41. Kh3 Nf7 $19) 38... Nc6 39. g3 (39. Kf2 {does not improve anything} Be5 $19)
39... Be5 40. Rc7 (40. Kf2 {hardly improves anything} Ra8 $19) 40... Nxa7 41.
bxa7 Ra8 42. Rf7 (42. h4 {doesn't change anything anymore} Rxa7 43. Rxa7+ Kxa7
$19) 42... Rxa7 43. Rf3 c4 44. Rf1 (44. Ra3+ {is not much help} Kb6 45. Rxa7
Kxa7 $19) 44... c3 45. Rc1 Rb7 46. Kf2 Rb2+ 47. Ke3 d5 48. Kd3 (48. Rd1 {
does not win a prize} Rxh2 49. Rxd5 c2 $19) 48... Kb5 (48... Rd2+ {
keeps an even firmer grip} 49. Ke3 $19) 49. g4 (49. Rxc3 {is no salvation} Bxc3
50. Kxc3 Rxh2 $19) 49... d4 (49... Rd2+ $142 {makes it even easier for Black}
50. Ke3 $19) 50. h4 (50. g5 {a fruitless try to alter the course of the game}
Bf4 51. Rf1 Rd2+ 52. Ke4 c2 $19) 50... Rd2+ 51. Ke4 Re2+ 52. Kd3 Re3+ 53. Kc2
d3+ 54. Kb3 d2 55. Rb1 Re1 (55... Re1 56. Rxe1 dxe1=Q 57. g5 Qb1+ 58. Ka3 Bd6#)
0-1